[Event "Portugal Open 2020"]
[Site "Lisbon"]
[Date "2020.01.29"]
[Round "6.21"]
[White "Jorge, Rita Maria Osorio"]
[Black "Sabuk, Piotr"]
[Result "0-1"]
[WhiteElo "1932"]
[BlackElo "2360"]
[Annotator "TA"]
[PlyCount "64"]
[EventDate "2020.01.25"]
[EventType "swiss"]
[EventCountry "POR"]
[SourceTitle "playchess.com"]
[Source "ChessBase"]
[SourceQuality "1"]

{[%evp 10,64,40,20,30,11,31,18,29,39,37,-45,-41,-54,-66,-170,-35,-27,-41,-110,-97,-114,-108,-132,-133,-147,-106,-109,-109,-170,-187,-160,-165,-175,-166,-273,-269,-290,-285,-322,-312,-391,-391,-603,-603,-522,-458,-1218,-1199,-1250,-1324,-1288,-1255,-29995,-29996,-29998,-29999]} 1. e4 e5 2. Nf3 Nc6 3. Bc4 Nf6 4. d3 h6 5. c3 d6 6. O-O g5 {C55: Two Knights: 4 d3, 4 d4 exd4 5 e5 and Max Lange Attack} (6... g6 7. a4 Bg7 8. Re1 O-O 9. Nbd2 Re8 10. Nf1 Be6 11. Ng3 d5 12. Bb5 Nd7 13. Bd2 a6 14. Bxc6 bxc6 {½-½ (41) Karjakin,S (2750)-Rapport,R (2747) Saint Louis 2019}) 7. Re1 g4 8. Nfd2 h5 {The position is equal.} 9. Nf1 h4 10. g3 $146 (10. d4 $14) ({Predecessor:} 10. f4 Bh6 11. f5 Bxc1 12. Qxc1 Bd7 13. b4 a5 14. b5 {0-1 (36) Bratkovic,J (2308)-Asadli,V (2513) Budva 2019}) 10... Nh7 $15 11. Ne3 Bh6 $1 12. d4 ({White should play} 12. Kf1 $15) 12... Bxe3 (12... Ng5 $19 13. Be2 Nh3+ 14. Kg2 Qf6 $1 {[%mdl 512]}) 13. Bxe3 (13. fxe3 $2 hxg3 14. hxg3 Ng5 $17) 13... Ng5 14. Bxg5 (14. Nd2 $15) 14... Qxg5 $17 15. Na3 Bd7 (15... hxg3 16. fxg3 Bd7 17. Nc2 $11) 16. d5 {[#]} Ne7 $1 (16... hxg3 17. fxg3 Ne7 18. Re2 $15) 17. Bb5 O-O-O 18. Bxd7+ Rxd7 19. Nc4 (19. Qa4 $17 a6 20. Rad1) 19... f5 $19 (19... hxg3 20. fxg3 f5 21. Re2 $17) 20. Ne3 hxg3 ({Resist} 20... fxe4 21. Qxg4 Qxg4 22. Nxg4 $15) 21. fxg3 Qh5 ({But not} 21... fxe4 22. Qxg4 Qxg4 23. Nxg4 $15) 22. Qe2 {[#]} (22. Nf1 $142) 22... f4 $1 ({Stronger than} 22... fxe4 23. Rf1 $11) 23. Nf1 Ng6 24. Qf2 Kb8 25. c4 Rdh7 26. b4 (26. Kh1 $142) 26... fxg3 27. Qxg3 Qg5 28. c5 (28. Re3 $142 Rf7 29. Rb3) 28... Rh3 29. Qf2 Nh4 30. Re3 Nf3+ 31. Kh1 {[#]} Qxe3 $1 {[%mdl 512]} 32. Qxe3 (32. Nxe3 Rxh2+) 32... Rxh2+ $1 {Accuracy: White = 28%, Black = 74%.} 0-1

[Event "Portugal Open 2020"]
[Site "Lisbon"]
[Date "2020.01.29"]
[Round "6.22"]
[White "Napoli, Nicolo"]
[Black "Frois, Antonio"]
[Result "1/2-1/2"]
[WhiteElo "2333"]
[BlackElo "2273"]
[Annotator "TA"]
[PlyCount "55"]
[EventDate "2020.01.25"]
[EventType "swiss"]
[EventCountry "POR"]
[SourceTitle "playchess.com"]
[Source "ChessBase"]
[SourceQuality "1"]

{[%evp 18,55,0,-9,19,15,24,14,14,13,33,-22,-14,-18,0,-35,0,-16,-6,-78,-66,-70,8,12,1,12,21,-18,-1,-50,-9,-14,-9,-8,0,0,0,-18,-1,-24]} 1. d4 Nf6 2. c4 g6 3. Nf3 Bg7 4. g3 O-O 5. Bg2 d6 6. O-O c5 7. Nc3 Nc6 8. d5 Na5 9. Qd3 a6 {[%cal Ba7a6,Ba6b5,Bb5b4][%mdl 32]} 10. Nd2 Bd7 {E66: King's Indian: Fianchetto: 6...c5 7 0-0 Nc6 8 d5} 11. b3 (11. Rb1 b5 12. b3 Ng4 13. Nf3 e5 14. dxe6 Bxe6 15. Nd5 Nc6 16. Bg5 {1-0 (44) Vitiugov,N (2721)-Golubov,S (2481) Sochi 2016}) 11... Rb8 12. Bb2 b5 13. Rab1 Qc7 {[#]} 14. cxb5 $146 ({White should play} 14. Rfc1 $14) ({Predecessor:} 14. h3 Rb6 15. e4 bxc4 16. bxc4 Rfb8 17. Ba1 Rxb1 18. Rxb1 Rxb1+ 19. Qxb1 {1-0 (76) Bai,J (2571)-Cheng,Y (2029) Harbin 2018}) 14... axb5 $11 15. Rfc1 Qa7 16. h3 Rfc8 17. Qf3 b4 18. Nce4 (18. Nd1 $1 $11 {keeps the balance.}) 18... Nxe4 $17 19. Nxe4 Bf5 (19... Bxb2 $15 20. Rxb2 c4) 20. g4 $11 Bxe4 21. Qxe4 Re8 22. Bf3 Rbc8 23. Kg2 e6 (23... e5 {with more complications.} 24. e3 Qe7 25. Be2 Ra8 26. Qc2 e4) 24. Qd3 {The position is equal.} Bxb2 25. Rxb2 e5 26. e4 Qe7 27. Rbc2 Ra8 28. Qe3 {Accuracy: White = 31%, Black = 26%.} 1/2-1/2

[Event "Portugal Open 2020"]
[Site "Lisbon"]
[Date "2020.01.29"]
[Round "6.24"]
[White "Jaracz, Pawel"]
[Black "Cordeiro, Joao Carlos Santos F"]
[Result "1-0"]
[WhiteElo "2466"]
[BlackElo "2005"]
[Annotator "ChessBase"]
[PlyCount "89"]
[EventDate "2020.01.25"]
[EventType "swiss"]
[EventCountry "POR"]
[SourceTitle "playchess.com"]
[Source "ChessBase"]
[SourceQuality "1"]
[TimeControl "5400+30"]

1. e4 {[%emt 0:00:00]} e5 {[%emt 0:00:53]} 2. Nf3 {[%emt 0:00:07]} Nc6 {[%emt 0:00:07]} 3. Bb5 {[%emt 0:00:10]} a6 {[%emt 0:00:11]} 4. Ba4 {[%emt 0:00:06]} Nf6 {[%emt 0:00:19]} 5. O-O {[%emt 0:00:12]} b5 {[%emt 0:01:04]} 6. Bb3 {[%emt 0:00:04]} Be7 {[%emt 0:00:05]} 7. Re1 {[%emt 0:00:34]} d6 {[%emt 0:00:07]} 8. c3 {[%emt 0:00:12]} O-O {[%emt 0:02:32]} 9. h3 {[%emt 0:00:21]} Nb8 {[%emt 0:04:17]} 10. d4 {[%emt 0:00:31]} Nbd7 {[%emt 0:00:41]} 11. Nbd2 {[%emt 0:00:20]} Bb7 {[%emt 0:00:37]} 12. Bc2 {[%emt 0:00:49]} Re8 {[%emt 0:01:33]} 13. Nf1 {[%emt 0:02:26]} Bf8 {[%emt 0:02:56]} 14. Ng3 {[%emt 0:00:35]} g6 {[%emt 0:02:02]} 15. Bd2 {[%emt 0:00:54]} c5 {[%emt 0:06:33]} 16. d5 {[%emt 0:02:52]} c4 {[%emt 0:02:17]} 17. b4 {[%emt 0:06:26]} a5 {[%emt 0:09:09]} 18. a4 {[%emt 0:00:30]} bxa4 {[%emt 0:06:00]} 19. Bxa4 {[%emt 0:02:45]} Qc7 {[%emt 0:02:30]} 20. Qe2 {[%emt 0:18:04]} Reb8 {[%emt 0:04:28]} 21. Rec1 {[%emt 0:08:04]} Nb6 {[%emt 0:17:06]} 22. Bb5 {[%emt 0:05:14]} axb4 {[%emt 0:06:10]} 23. cxb4 {[%emt 0:01:52]} Rxa1 {[%emt 0:03:48]} 24. Rxa1 {[%emt 0:00:03]} Ra8 {[%emt 0:05:18]} 25. Rc1 {[%emt 0:08:29]} Ba6 {[%emt 0:06:36]} 26. Bxa6 {[%emt 0:06:28]} Rxa6 {[%emt 0:00:04]} 27. Be3 {[%emt 0:00:59]} Nfd7 {[%emt 0:01:02]} 28. Qc2 {[%emt 0:06:06]} Ra4 {[%emt 0:02:16]} 29. Qb1 {[%emt 0:05:34]} Qa7 {[%emt 0:05:12]} 30. Nd2 {[%emt 0:02:45]} Qa6 {[%emt 0:00:33]} 31. Ne2 {[%emt 0:00:35]} f5 {[%emt 0:03:58]} 32. Nc3 {[%emt 0:01:02]} Ra3 {[%emt 0:01:21]} 33. exf5 {[%emt 0:00:29]} gxf5 {[%emt 0:00:36]} 34. Qxf5 {[%emt 0:00:25]} Ra1 {[%emt 0:01:28]} 35. Nde4 {[%emt 0:01:14]} Rxc1+ {[%emt 0:00:26]} 36. Bxc1 {[%emt 0:00:03]} Qa1 {[%emt 0:00:48]} 37. Qg5+ {[%emt 0:00:12]} Kh8 {[%emt 0:00:26]} 38. Kh2 {[%emt 0:01:14]} Be7 {[%emt 0:01:40]} 39. Qxe7 {[%emt 0:02:52]} Qxc1 {[%emt 0:00:04]} 40. g3 {[%emt 0:00:49]} Qh6 {[%emt 0:01:02]} 41. Nxd6 {[%emt 0:02:28]} Qf6 {[%emt 0:00:39]} 42. Qe8+ {[%emt 0:00:34]} Kg7 {[%emt 0:00:10]} 43. Nce4 {[%emt 0:02:56]} Qf8 {[%emt 0:00:56]} 44. Qe6 {[%emt 0:00:15]} c3 {[%emt 0:00:55]} 45. Nf5+ {[%emt 0:00:10]} 1-0

[Event "Portugal Open 2020"]
[Site "Lisbon"]
[Date "2020.01.29"]
[Round "6.25"]
[White "Fernandes, Joao Pedro Murtinho"]
[Black "Stella, Andrea"]
[Result "*"]
[WhiteElo "2099"]
[BlackElo "2465"]
[Annotator "TA"]
[PlyCount "67"]
[EventDate "2020.01.25"]
[EventType "swiss"]
[EventCountry "POR"]
[SourceTitle "playchess.com"]
[Source "ChessBase"]
[SourceQuality "1"]

{[%evp 10,67,42,39,42,39,54,27,30,23,7,6,2,-15,-14,0,-8,-7,-5,-30,-24,-25,58,35,45,22,17,14,25,0,0,0,0,0,0,0,0,0,0,0,0,0,60,-13,0,-97,-56,-37,-53,-83,-75,-93,-91,-149,-139,-355,-339,-305,-251,-346]} 1. e4 c5 2. Nf3 e6 3. d4 cxd4 4. Nxd4 Nc6 5. Nc3 Qc7 6. f4 Nxd4 {B47: Sicilian: Taimanov: 5 Nc3 Qc7 6 f4, 6 g3 and 6 Be2} 7. Qxd4 b6 8. Be3 (8. Bd3 Bb7 9. Bd2 Nf6 10. Qf2 Bc6 11. O-O-O O-O-O 12. e5 Nd5 13. Ba6+ Kb8 14. Nb5 Bxb5 15. Bxb5 {½-½ (47) Maze,S (2602)-Rapport,R (2726) Germany 2019}) 8... Bb7 {White has an edge.} 9. Be2 Nf6 10. Bf3 Bc5 11. Qd3 {[#] Threatens to win with Nb5.} Bb4 12. O-O Bxc3 13. bxc3 d5 {[%cal Rd5e4]} 14. exd5 Nxd5 $146 ({Predecessor:} 14... Bxd5) 15. f5 {Strongly threatening fxe6.} O-O-O ({Black should try} 15... O-O $11) 16. fxe6 $14 fxe6 17. Bg5 Rd7 18. Rad1 Qc5+ 19. Kh1 Nf6 20. Bxb7+ Kxb7 21. Qf3+ Nd5 22. Qe4 {[#] Hoping for c4.} Qxc3 23. Qxe6 Qc6 $36 {[%mdl 2048] Black is pushing.} 24. Qe4 h6 25. Bh4 g5 (25... Rc8 $11) 26. Bg3 (26. c4 $14 gxh4 27. cxd5) 26... Rhd8 27. c4 (27. h3 $11) 27... Nf4 28. Rxd7+ Rxd7 29. Qxc6+ Kxc6 $15 {KRB-KRN} 30. h4 Rd4 31. hxg5 ({Better is} 31. Bxf4 gxf4 32. Kh2) 31... hxg5 $17 32. Bxf4 $2 (32. Be1 $17 {keeps fighting.}) 32... gxf4 $19 ({Inferior is} 32... Rxf4 33. Rxf4 gxf4 34. Kh2 $11) 33. Kh2 Rxc4 34. Rf2 {Accuracy: White = 38%, Black = 68%.} *

[Event "Portugal Open 2020"]
[Site "Lisbon"]
[Date "2020.01.29"]
[Round "6.26"]
[White "Sarkar, Justin"]
[Black "Ferreira, Vitor Hugo Vieira"]
[Result "*"]
[WhiteElo "2385"]
[BlackElo "2123"]
[Annotator "TA"]
[PlyCount "75"]
[EventDate "2020.01.25"]
[EventType "swiss"]
[EventCountry "POR"]
[SourceTitle "playchess.com"]
[Source "ChessBase"]
[SourceQuality "1"]

{[%evp 15,75,22,22,-11,9,0,0,-10,-8,-22,0,0,256,254,254,266,225,125,308,267,271,123,143,95,246,272,281,274,246,250,218,218,214,208,206,197,229,222,217,217,246,245,303,306,302,304,435,135,153,14,14,0,0,0,247,224,226,228,509,444,402,233]} 1. d4 Nf6 2. c4 g6 3. Nc3 d5 4. cxd5 Nxd5 5. e4 Nxc3 6. bxc3 Bg7 7. Bc4 c5 8. Ne2 O-O 9. h4 {D87: Exchange Grünfeld: Classical Line: Variations without ...cxd4} (9. Be3 Nc6 10. h4 Qa5 11. O-O Rd8 12. Qb3 e6 13. d5 exd5 14. Bxd5 Ne5 15. Rad1 c4 16. Qb1 Qc7 17. h5 Ng4 18. Bf4 {½-½ (30) Carlsen,M (2872)-Nepomniachtchi,I (2767) Moscow 2019}) 9... h5 10. Nf4 $146 ({Predecessor:} 10. Be3 Nc6 11. Rc1 e6 12. g3 Qa5 13. O-O Rd8 {1-0 (26) Balashov,Y (2418)-Ofitserian,B (2273) Moscow 2015}) 10... e6 {[%cal Rc5d4]} 11. Nxh5 $1 {The position is equal.} gxh5 12. Qxh5 {White wants to play Rh3.} cxd4 {Threatens to win with ...Nc6.} 13. Rh3 $1 f6 $2 {[%mdl 8192]} ({Avoid the trap} 13... dxc3 $2 14. Rg3 $18) (13... f5 $1 $11 {and Black stays safe.} 14. Rg3 f4 15. Rxg7+ Kxg7 16. Qg4+ {[%mdl 64] Double Attack} Kh8 17. Qh5+ Kg8) 14. Rg3 $18 Rf7 15. Bh6 $1 Qe7 16. cxd4 (16. Rd1 $18 Na6 17. Rxd4) 16... Nc6 $2 (16... Qb4+ $16 17. Bd2 Qb6) 17. Rc1 $1 Bd7 ({Don't play} 17... Nxd4 $6 18. Rcc3 $18) 18. Kf1 (18. Rcc3 $1 $18 {and the rest is easy.} Qb4 19. Kf1) 18... Nxd4 {...Rc8 is the strong threat.} 19. Rcc3 Be8 $2 (19... Rc8 $16 {keeps fighting.}) 20. Bxg7 $1 Rxg7 21. Qh6 Rc8 {[#] intending ...Rxc4!} 22. Rxg7+ $1 Qxg7 {[#]} 23. Bxe6+ $1 {[%mdl 512]} Nxe6 24. Qxg7+ Kxg7 25. Rxc8 Bb5+ 26. Ke1 Bc6 {[#]} 27. f3 $1 a5 28. Kd2 a4 29. Ke3 Nc5 30. a3 Nd7 (30... Ne6 $142 31. g4 Bd7) 31. f4 $2 (31. Rc7 $18 {and White stays clearly on top.}) 31... f5 $16 32. e5 ({Better is} 32. Rc7 $16) 32... Nb6 $1 $11 {[%cal Rb6c8]} 33. Rc7+ Kg6 {White must now prevent ...Nd5+.} 34. Kd4 {Strongly threatening g3.} Bxg2 $2 (34... Nd5 $1 $11 {and Black has nothing to worry.} 35. Rxc6+ bxc6) 35. h5+ Kxh5 36. Rg7 Bc6 $2 (36... Be4 37. e6 Nd5) 37. Rg5+ $18 Kh6 38. Rxf5 {Accuracy: White = 51%, Black = 38%.} (38. e6 $142) *

[Event "Portugal Open 2020"]
[Site "Lisbon"]
[Date "2020.01.29"]
[Round "6.27"]
[White "Gonzalez Trigal, Jose Luis"]
[Black "Chennaoui, Yasin"]
[Result "1-0"]
[WhiteElo "2369"]
[BlackElo "2093"]
[Annotator "ChessBase"]
[PlyCount "128"]
[EventDate "2020.01.25"]
[EventType "swiss"]
[EventCountry "POR"]
[SourceTitle "playchess.com"]
[Source "ChessBase"]
[SourceQuality "1"]
[TimeControl "5400+30"]

1. d4 {[%emt 0:00:00]} d6 {[%emt 0:01:05]} 2. Nf3 {[%emt 0:00:00]} Nd7 {[%emt 0:00:16]} 3. c4 {[%emt 0:00:00]} e5 {[%emt 0:00:34]} 4. Nc3 {[%emt 0:00:39]} Ngf6 {[%emt 0:00:21]} 5. g3 {[%emt 0:00:19]} Be7 {[%emt 0:00:07]} 6. Bg2 {[%emt 0:00:06]} O-O {[%emt 0:00:07]} 7. O-O {[%emt 0:00:08]} c6 {[%emt 0:00:04]} 8. b3 {[%emt 0:00:25]} Re8 {[%emt 0:01:04]} 9. Qc2 {[%emt 0:00:19]} Bf8 {[%emt 0:00:36]} 10. Rd1 {[%emt 0:02:46]} a6 {[%emt 0:02:21]} 11. e3 {[%emt 0:06:28]} Rb8 {[%emt 0:11:44]} 12. Bb2 {[%emt 0:09:19]} b5 {[%emt 0:03:08]} 13. dxe5 {[%emt 0:03:29]} dxe5 {[%emt 0:00:25]} 14. Ne4 {[%emt 0:00:32]} Qc7 {[%emt 0:17:32]} 15. Rac1 {[%emt 0:20:14]} c5 {[%emt 0:09:23]} 16. Nfg5 {[%emt 0:08:27]} h6 {[%emt 0:08:36]} 17. Nxf6+ {[%emt 0:00:37]} Nxf6 {[%emt 0:01:34]} 18. Ne4 {[%emt 0:00:05]} Nxe4 {[%emt 0:03:54]} 19. Bxe4 {[%emt 0:00:02]} Be6 {[%emt 0:20:33]} 20. Bd5 {[%emt 0:01:16]} Rbd8 {[%emt 0:00:09]} 21. Bxe6 {[%emt 0:07:40]} Rxe6 {[%emt 0:00:13]} 22. Rxd8 {[%emt 0:00:20]} Qxd8 {[%emt 0:00:03]} 23. Rd1 {[%emt 0:00:11]} Rd6 {[%emt 0:01:05]} 24. Rxd6 {[%emt 0:00:59]} Qxd6 {[%emt 0:00:29]} 25. cxb5 {[%emt 0:00:09]} axb5 {[%emt 0:00:15]} 26. a4 {[%emt 0:00:07]} bxa4 {[%emt 0:03:58]} 27. bxa4 {[%emt 0:00:02]} Qb6 {[%emt 0:03:13]} 28. Bxe5 {[%emt 0:01:44]} Qb4 {[%emt 0:00:32]} 29. Bc3 {[%emt 0:00:50]} Qa3 {[%emt 0:03:58]} 30. a5 {[%emt 0:03:22]} c4 {[%emt 0:00:05]} 31. Qb2 {[%emt 0:00:36]} Qa4 {[%emt 0:00:42]} 32. Qd2 {[%emt 0:00:54]} Qb5 {[%emt 0:04:06]} 33. Qd4 {[%emt 0:01:03]} h5 {[%emt 0:01:14]} 34. h4 {[%emt 0:00:41]} Qb1+ {[%emt 0:00:41]} 35. Kg2 {[%emt 0:01:30]} Qb7+ {[%emt 0:00:02]} 36. e4 {[%emt 0:00:14]} Qc6 {[%emt 0:00:01]} 37. Kh2 {[%emt 0:00:43]} Qa4 {[%emt 0:00:54]} 38. Kg1 {[%emt 0:03:18]} Qb5 {[%emt 0:00:13]} 39. Qb6 {[%emt 0:01:33]} Qxb6 {[%emt 0:03:23]} 40. axb6 {[%emt 0:00:01]} Bd6 {[%emt 0:00:01]} 41. b7 {[%emt 0:01:23]} f6 {[%emt 0:00:34]} 42. f4 {[%emt 0:00:39]} Kf7 {[%emt 0:00:26]} 43. e5 {[%emt 0:00:25]} Bb8 {[%emt 0:00:33]} 44. Kf2 {[%emt 0:00:48]} Ke6 {[%emt 0:00:08]} 45. Ke3 {[%emt 0:00:33]} Kd5 {[%emt 0:01:01]} 46. exf6 {[%emt 0:01:18]} gxf6 {[%emt 0:00:02]} 47. Bxf6 {[%emt 0:00:15]} Ba7+ {[%emt 0:00:17]} 48. Kd2 {[%emt 0:00:21]} Kc6 {[%emt 0:00:05]} 49. Bd4 {[%emt 0:00:15]} Bb8 {[%emt 0:00:40]} 50. Be5 {[%emt 0:00:22]} Bxe5 {[%emt 0:00:30]} 51. fxe5 {[%emt 0:00:05]} Kxb7 {[%emt 0:00:03]} 52. Kc3 {[%emt 0:00:09]} Kc7 {[%emt 0:00:08]} 53. Kxc4 {[%emt 0:00:07]} Kc6 {[%emt 0:00:05]} 54. Kd4 {[%emt 0:00:06]} Kd7 {[%emt 0:00:09]} 55. Ke4 {[%emt 0:00:16]} Ke7 {[%emt 0:03:37]} 56. Kf5 {[%emt 0:00:08]} Kf7 {[%emt 0:00:29]} 57. Kg5 {[%emt 0:00:10]} Ke6 {[%emt 0:00:01]} 58. Kxh5 {[%emt 0:00:13]} Kxe5 {[%emt 0:00:01]} 59. Kg6 {[%emt 0:00:13]} Ke4 {[%emt 0:00:03]} 60. h5 {[%emt 0:00:21]} Kf3 {[%emt 0:00:02]} 61. h6 {[%emt 0:00:20]} Kxg3 {[%emt 0:00:04]} 62. h7 {[%emt 0:00:16]} Kf2 {[%emt 0:00:04]} 63. h8=Q {[%emt 0:00:25]} Ke1 {[%emt 0:00:02]} 64. Qh2 {[%emt 0:00:16]} Kd1 {[%emt 0:00:03]} 1-0

[Event "Portugal Open 2020"]
[Site "Lisbon"]
[Date "2020.01.29"]
[Round "6.28"]
[White "Fernandes, Alberto"]
[Black "Lekic, Dusan"]
[Result "1-0"]
[WhiteElo "2092"]
[BlackElo "2343"]
[Annotator "TA"]
[PlyCount "31"]
[EventDate "2020.01.25"]
[EventType "swiss"]
[EventCountry "POR"]
[SourceTitle "playchess.com"]
[Source "ChessBase"]
[SourceQuality "1"]

{[%evp 9,31,-7,0,-92,-81,-87,-37,-114,-44,-41,-41,-77,-58,-65,270,263,345,352,356,352,349,344,340,338]} 1. b3 e5 2. Bb2 Nc6 3. e3 d5 4. Bb5 Bd6 5. f4 f6 6. Nf3 {A01: Nimzowitsch-Larsen Opening} (6. fxe5 $11 {keeps the balance.} fxe5 7. Nf3) (6. fxe5 fxe5 7. Bxc6+ bxc6 8. Bxe5 Qh4+ 9. g3 Qe4 10. Bxg7 Qxh1 11. Qh5+ Ke7 12. Kf2 Be6 13. Nf3 Nf6 14. Bxf6+ Kxf6 {0-1 (63) Nielsen,P (2654)-Anton Guijarro,D (2634) Berlin 2015}) 6... exf4 $17 7. exf4 Bxf4 8. Nd4 (8. O-O $15 Nge7 9. Nh4) 8... Nge7 ({Better is} 8... Qe7+ $17 9. Qe2 Bd7) 9. O-O $15 Be5 $146 ({Predecessor:} 9... Bd6 10. Qh5+ g6 11. Qh6 Bd7 12. Nxc6 bxc6 13. Rxf6 cxb5 14. Qg7 Be6 15. Qxh8+ Kd7 16. Qxh7 c6 17. d4 c5 18. Nd2 {1-0 (18) Ilandzis,S (1990)-Tsarsitalidis,C (1330) Agios Ioannis 2018}) 10. Qh5+ g6 11. Qh6 {Nxc6 is the strong threat.} Bxd4+ $4 {[%mdl 8192]} (11... Kf7 $15 {keeps the upper hand.} 12. Nxc6 Nxc6 13. Bxe5 Nxe5) 12. Bxd4 $18 Nf5 {[#]} 13. Rxf5 $1 {[%mdl 576] Remove Defender} Bxf5 14. Qg7 $1 {[%csl LRf6,LRh8][%mdl 64] Double Attack} Qe7 15. Qxh8+ Kd7 16. Qxf6 {Accuracy: White = 28%, Black = 18%.} ({Not} 16. Qxa8 Qe1+ 17. Bf1 Nxd4 $16) ({Wrong is} 16. Bxc6+ $2 bxc6 17. Qxh7 Qxh7 $19) 1-0

[Event "Portugal Open 2020"]
[Site "Lisbon"]
[Date "2020.01.29"]
[Round "6.29"]
[White "Pastor Alonso De Prado, Alberto"]
[Black "Gahan M G"]
[Result "0-1"]
[WhiteElo "2074"]
[BlackElo "2245"]
[Annotator "TA"]
[PlyCount "62"]
[EventDate "2020.01.25"]
[EventType "swiss"]
[EventCountry "POR"]
[SourceTitle "playchess.com"]
[Source "ChessBase"]
[SourceQuality "1"]

{[%evp 24,62,4,-12,14,4,43,42,32,23,63,21,31,-7,0,-7,0,0,0,0,8,8,31,-65,0,0,0,-91,366,392,393,397,389,388,386,-95,-95,-85,166,143,114]} 1. e4 d5 2. exd5 Nf6 3. Nf3 Nxd5 4. d4 g6 5. c4 Nb6 6. c5 Nd5 7. Nc3 Bg7 8. Qb3 c6 9. Bc4 O-O 10. O-O Nxc3 11. bxc3 b5 12. cxb6 axb6 {[%cal Ba7b6,Bb6b5,Bb5b4,Bb4c3,Bc3b2][%mdl 32]} 13. Re1 b5 {B01: Scandinavian Defence} 14. Bd3 Qd6 (14... Nd7 15. Ba3 Bf6 16. Nd2 Re8 17. Ne4 Bg7 18. Ng5 e6 19. Ne4 Nf6 20. Bc5 Nxe4 21. Bxe4 {1-0 (50) Perunovic,M (2696)-Roganovic,M (2524) Belgrade 2014}) 15. a4 Be6 {White is slightly better.} 16. Qc2 b4 $146 ({Predecessor:} 16... Qc7 17. Bg5 Rxa4 18. Rxa4 bxa4 19. Qxa4 c5 20. Bc4 Bd7 21. Qb3 {1-0 (73) Druska,J (2125)-Gregorova,Z (2187) Slovakia 2010}) 17. Bb2 c5 18. Be4 Ra7 19. d5 bxc3 20. dxe6 cxb2 21. exf7+ Kh8 22. Rad1 $36 {[%mdl 2048] White has good play.} Qb6 23. Bd5 (23. Ng5 $14) 23... Nc6 (23... Rd7 $1 $15) 24. Re6 $11 Nb4 {Strongly threatening ...Qxe6.} 25. Qe4 (25. Rxb6 $2 Nxc2 26. Rb1 Rd7 $19) (25. Qb3 $1 $11 {remains equal.} Qa5 26. Rxg6 Nxd5 27. Rxg7 Kxg7 28. Qxd5 (28. Rxd5 $2 Qb4 $19)) 25... Qd8 $2 {[%mdl 8192] [#]} (25... Qb8 $17 {keeps the pressure on.} 26. Bb3 Bf6) 26. Ne5 $1 $18 {[%cal Re5g6] Threatening mate with Nxg6+!} ({Worse is} 26. Bb3 Qd3 $17) 26... Bf6 27. Bb3 Kg7 28. Rxd8 Rxd8 29. f4 $2 ({White should play} 29. f8=Q+ $18 Rxf8 30. Qb1) 29... Rd3 $1 $17 {[%mdl 1024] Black has strong compensation.} 30. Ba2 Rd1+ $2 {[%mdl 8192]} (30... Nxa2 $17 31. Rb6 (31. Qxd3 Rb7 $17) 31... Nb4) 31. Kf2 $18 {[#] aiming for Nxg6!} Nxa2 {[%mdl 32768] Accuracy: White = 52%, Black = 18%. . Loss on time!?} 0-1

[Event "Portugal Open 2020"]
[Site "Lisbon"]
[Date "2020.01.29"]
[Round "6.30"]
[White "Corbalan Gomez, Juan Jose"]
[Black "Marzano, Carlo"]
[Result "1/2-1/2"]
[WhiteElo "2243"]
[BlackElo "2078"]
[Annotator "TA"]
[PlyCount "65"]
[EventDate "2020.01.25"]
[EventType "swiss"]
[EventCountry "POR"]
[SourceTitle "playchess.com"]
[Source "ChessBase"]
[SourceQuality "1"]

{[%evp 10,65,20,33,18,5,21,16,40,23,27,13,0,6,8,0,43,48,46,44,47,29,33,23,25,31,35,38,39,32,45,35,39,40,39,24,44,27,59,29,67,53,74,66,160,116,121,117,118,61,64,68,75,12,0,0,5,0]} 1. c4 e5 2. Nc3 Nf6 3. g3 Nc6 4. Bg2 Bc5 5. e3 d5 6. cxd5 Nb4 {A25: English Opening vs King's Indian with ...Nc6 but without early d3} 7. d3 c6 8. Nf3 Bg4 9. O-O Nbxd5 10. h3 $146 ({Predecessor:} 10. Qb3 Bxf3 11. Bxf3 O-O 12. Rd1 Rb8 13. Qc2 Qe7 14. Na4 {½-½ (61) Kovalenko,I (2650)-Sengupta,D (2571) Iasi 2015}) 10... Bxf3 11. Bxf3 Qd7 12. Kg2 Nb4 13. d4 exd4 14. exd4 Be7 $1 15. Bf4 O-O 16. a3 Nbd5 17. Be5 Nb6 18. Qb3 Rad8 19. Rfe1 Rfe8 20. Rad1 Nfd5 21. Bg4 f5 22. Bh5 Rf8 23. Bf3 Bf6 24. a4 a5 25. Bxf6 Rxf6 26. Re5 Rf7 (26... Qf7 $14 27. Nxd5 Nxd5 28. Bxd5 Rxd5) 27. Rde1 g6 28. Nxd5 Nxd5 29. Qc4 (29. Kh2 $16) 29... Kg7 $14 30. Bxd5 cxd5 31. Qc5 (31. Qb3 $16) 31... Qxa4 $11 32. Re7 {[#] White wants to mate with Rxf7+.} Rd7 33. R1e5 {Accuracy: White = 32%, Black = 58%.} 1/2-1/2